|
|
|
|
| LEADER |
01464nam a22003614a 4500 |
| 001 |
34503 |
| 003 |
BD-DhAAL |
| 005 |
20230525141800.0 |
| 008 |
190407t2002 cau b s001 0 eng d |
| 010 |
|
|
|a 2001044601
|
| 020 |
|
|
|a 9780520231597
|
| 020 |
|
|
|a 0520226720 (alk. paper)
|
| 020 |
|
|
|a 0520231597 (pbk. alk. paper)
|
| 040 |
|
|
|a DLC
|c DLC
|d DLC
|d BD-DhAAL
|
| 041 |
1 |
|
|a eng
|
| 042 |
|
|
|a pcc
|
| 050 |
0 |
0 |
|a ML423.A33
|b A63 2002
|
| 082 |
0 |
0 |
|a 780
|2 21
|
| 100 |
1 |
|
|a Adorno, Theodor W.,
|d 1903-1969.
|9 31107
|
| 245 |
1 |
0 |
|a Essays on music /
|b Theodor W. Adorno ; selected, with introduction, commentary, and notes by Richard Leppert ; new translations by Susan H. Gillespie.
|
| 260 |
|
|
|a Berkeley, Calif. :
|b University of California Press,
|c c2002.
|
| 300 |
|
|
|a xvii, 743 pages ;
|c 24 cm.
|
| 504 |
|
|
|a Includes bibliographical references (pages 681-708) and index.
|
| 526 |
|
|
|a ENH
|
| 541 |
|
|
|a Development Book Agency
|e 34503
|
| 600 |
1 |
0 |
|a Adorno, Theodor W.,
|d 1903-1969
|x Criticism and interpretation
|9 31108
|
| 650 |
|
0 |
|a Music
|x Philosophy and aesthetics.
|9 31109
|
| 700 |
1 |
|
|a Leppert, Richard D.
|9 31110
|
| 700 |
1 |
|
|a Gillespie, Susan H.
|4 trl
|9 31111
|
| 852 |
|
|
|a Ayesha Abed Library
|c General Stacks
|
| 942 |
|
|
|2 ddc
|c BK
|
| 999 |
|
|
|c 40637
|d 40637
|
| 952 |
|
|
|0 0
|1 0
|2 ddc
|4 0
|6 780_000000000000000_ADO
|7 0
|9 65364
|a BRACUL
|b BRACUL
|c GEN
|d 2019-04-03
|e Development Book Agency
|g 4179.00
|l 2
|m 6
|o 780 ADO
|p 3010034503
|r 2024-11-19
|s 2024-10-31
|t 1
|v 4179.00
|w 2019-04-03
|y BK
|